00659nam a2200181Ia 4500008004000000020001900040082001500059100002300074245006200097260004900159300001300208440000600221650003600227690001800263906001100281999001900292952016600311210210b2001 xxu||||| |||| 00| 0 eng d a81 57958 091 2 a300.3 MICE aMICHIE (Jonathan). aEncyclopaedia of social sciences a reader's guide. Vol 3. aLondon.bFitzroy Dearborn Publishers.,c2001 axxx,1444 a3 aEncyclopaedia Social Sciences  aEncyclopaedia a057583 c105096d105096 001040738Social ScienceaALbALcSocial Scienced2021-02-17eStandard Literature, Mumbai.g3125.00l0o300.3 MICEp057583r2021-02-17 00:00:00w2021-02-17yBK